书目信息 |
| 题名: |
我++
|
|
| 作者: | 米切尔, 著 ;刘小虎 译 | |
| 分册: | ||
| 出版信息: | 北京 中国建筑工业出版社 2006.06 |
|
| 页数: | 247页 | |
| 开本: | 23cm | |
| 丛书名: | 国外城市规划与设计理论译丛 | |
| 单 册: | ||
| 中图分类: | TU984 | |
| 科图分类: | ||
| 主题词: | 计算机网络--ji suan ji wang luo--影响--城市规划--建筑设计--教材 | |
| 电子资源: | ||
| ISBN: | 7-112-08015-0 | |
| 000 | 01430nam 2200289 450 | |
| 001 | 012006073235 | |
| 005 | 20061019085725.29 | |
| 010 | @a7-112-08015-0@dCNY50.00 | |
| 100 | @a20061006d2006 km y0chiy0120 ea | |
| 101 | 1 | @achi@ceng |
| 102 | @aCN@b110000 | |
| 105 | @ay z 000yy | |
| 200 | 1 | @a我++@Awo++@e电子自我和互联城市@d= ME++@eCyborg self and the networked city@f[美] 威廉·J·米切尔著@F[mei]wei lian·J·mi qie er zhu@g刘小虎等译@Gliu xiao hu deng yi@zeng |
| 210 | @a北京@c中国建筑工业出版社@d2006.06 | |
| 215 | @a247页@d23cm | |
| 225 | 2 | @a国外城市规划与设计理论译丛@Aguo wai cheng shi gui hua yu she ji li lun yi cong |
| 300 | @a国家自然科学基金重点项目资助 : 50238010 | |
| 330 | @a本书重点在于作者以新概念、新格局、新的建设方法探讨了当前的计算机技术、无线互联、全球互联、小型化等这个时代特有的事物对我们的日常生活以及对于未来建筑和城市的设计与发展所具有的影响。作者考察了无线互联、全球互联、小型化、可携带对我们的身体、服饰、建筑、城市、空间和时间使用的影响。 | |
| 410 | 0 | @12001 @a国外城市规划与设计理论译丛 |
| 510 | 1 | @aME++@eCyborg self and the networked city@zeng |
| 517 | 1 | @a电子自我和互联城市@Adian zi zi wo he hu lian cheng shi |
| 606 | 0 | @a计算机网络@Aji suan ji wang luo@x影响@x城市规划@x建筑设计@j教材 |
| 690 | @aTU984@v4 | |
| 701 | 1 | @a米切尔,@Ami qie er,@bW. J.@g(Mitchell, William J.)@4著 |
| 702 | 0 | @a刘小虎@Aliu xiao hu@4译 |
| 801 | 0 | @aCN@c20061019 |
| 905 | @apdsgxy@dTU984@eM665 | |
| 我++:电子自我和互联城市= ME++:Cyborg self and the networked city/[美] 威廉·J·米切尔著/刘小虎等译.-北京:中国建筑工业出版社,2006.06 |
| 247页;23cm.-(国外城市规划与设计理论译丛) |
| 国家自然科学基金重点项目资助 : 50238010 |
| ISBN 7-112-08015-0:CNY50.00 |
| 本书重点在于作者以新概念、新格局、新的建设方法探讨了当前的计算机技术、无线互联、全球互联、小型化等这个时代特有的事物对我们的日常生活以及对于未来建筑和城市的设计与发展所具有的影响。作者考察了无线互联、全球互联、小型化、可携带对我们的身体、服饰、建筑、城市、空间和时间使用的影响。 |
| ● |
| 相关链接 |
|
|
|
正题名:我++
索取号:TU984/M665
 
预约/预借
| 序号 | 登录号 | 条形码 | 馆藏地/架位号 | 状态 | 备注 |
| 1 | 222932 | 202229329 | 建筑库201/201建筑库 60排5列1层/ [索取号:TU984/M665] | 在馆 | |
| 2 | 222933 | 202229338 | 建筑库201/201建筑库 60排5列1层/ [索取号:TU984/M665] | 在馆 | |
| 3 | 222934 | 202229347 | 建筑库201/201建筑库 60排5列1层/ [索取号:TU984/M665] | 在馆 |